| 000 | 00504nam a22001697a 4500 | ||
|---|---|---|---|
| 005 | 20260213115727.0 | ||
| 008 | 121108t mx ||||| |||| 00| 0 spa d | ||
| 020 | _a9501404285 | ||
| 050 | 0 | 4 |
_aKHA5819 _bC34 1988 |
| 100 | 1 | _aCafferata Nores, José I. | |
| 245 | 1 | 0 |
_aTemas de derecho procesal penal _c / José I. Cafferata Nores |
| 250 | _a1a ed. | ||
| 260 |
_aBuenos Aires : _bDepalma, _c1988 |
||
| 300 |
_aix, 310 p. ; _c24 cm. |
||
| 650 | 7 |
_2lemb _aProcedimiento penal _zArgentina |
|
| 942 |
_2lcc _cLIB |
||
| 999 |
_c34668 _d34668 |
||